¿Hay respuestas correctas en el derecho? /
I tiakina i:
| Kaituhi matua: | |
|---|---|
| Hōputu: | Pukapuka |
| Reo: | Pāniora |
| I whakaputaina: |
Bogotá, Colombia :
Universidad de los Andes, Facultad de Derecho : Siglo del Hombre,
2004, c1999
|
| Rangatū: | (Biblioteca Universitaria Ciencias Sociales y Humanidades. Filosofía del Derecho)
|
| Ngā marau: | |
| Ngā Tūtohu: |
Kāore He Tūtohu, Me noho koe te mea tuatahi ki te tūtohu i tēnei pūkete!
|
MARC
| LEADER | 00000nam^a2200000^a^4500 | ||
|---|---|---|---|
| 001 | 000301318 | ||
| 005 | 20250521000000.0 | ||
| 009 | 20260310112539.493 | ||
| 020 | |a 978-958-665-024-3 | ||
| 037 | |a Acervo ITESO - Biblioteca | ||
| 041 | |a ESP | ||
| 082 | |a 340. 112 |b ARA | ||
| 100 | |a Arango, Rodolfo |e (autor) | ||
| 245 | 1 | 0 | |a ¿Hay respuestas correctas en el derecho? / |c R. Arango. |
| 264 | 4 | |a Bogotá, Colombia : |b Universidad de los Andes, Facultad de Derecho : |b Siglo del Hombre, |c 2004, c1999 | |
| 300 | |a 177 p. | ||
| 336 | |a texto |b txt |2 rdacontenido | ||
| 337 | |a sin mediación |b n |2 rdamedio | ||
| 338 | |a volumen |b nc |2 rdasoporte | ||
| 440 | 1 | |a (Biblioteca Universitaria Ciencias Sociales y Humanidades. |p Filosofía del Derecho) | |
| 649 | |a XX | ||
| 650 | |a Filósofos Norteamericanos | ||
| 650 | |a Derecho - |x Interpretación | ||
| 650 | |a Derecho y Etica - |x Tema Principal | ||
| 650 | |a Derecho - |x Filosofía | ||
| 650 | |a Dworkin, Ronald M. - |x Tema Principal | ||
| 910 | |a Fondo General | ||
| 920 | |a Impresos - Libros | ||
| 930 | |a Colección General | ||
| 905 | |a 101 | ||
| 901 | |a 0500187131 |b IT1 |c ACC |i C121437 |u 20250521 | ||
| 902 | |a https://opac.biblio.iteso.mx/vufind/Record/000301318 | ||